000 01487nam a22002537a 4500
999 _c57315
_d57315
003 Ge_BSU
005 20200519151037.0
008 200519s2020 xxu||||| |||| 00| 0 geo d
020 _a9789941821936
041 _ageo
080 _a34(072)+35 ს-36
245 _aსახელმწიფო მოწყობის სამართალი :
_bმეთოდოლოგიური გზამკვლევი ლექტორებისათვის /
_cრობერტ ბიოტნერი ; მალხაზ ბეგიაშვილი ; ანა ფირცხალაიშვილი ; ელენე ჯანელიძე.
264 _aთბილისი,
_c2020.
300 _a67 გვ. :
_c22 სმ.
653 _aსახელმწიფო მოწყობის სამართალი
653 _aმეთოდოლოგიური გზამკვლევი ლექტორებისათვის
653 _aსამართალი
700 _aბიოტნერი, რობერტ
_98093
700 _aბეგიაშვილი, მალხაზ
_96983
700 _aფირცხალაიშვილი, ანა
_98085
700 _aჯანელიძე, ელენე
_98094
856 _3
_yელექტრონული ვერსია
_uhttp://lawlibrary.info/ge/books/2020giz-ge-saxelmwifo-mowyobis-samartali.pdf
942 _2udc
_cBK